Statistiques concernant Tout savoir sur : La Mythologie Grecque #1

Cliquez ici pour prendre le quiz!

Statistiques générales

  • Ce quiz a été pris 228 fois
  • Le résultat moyen est 8 sur 15

Statistiques - réponses

QuestionRéponse% Correct
Roi des Dieux,Dieu du tonnerre.Zeus
100%
Chien à trois têtes gardant l'entrée des Enfers.Cerbère
86%
Déesse de la Terre,Grand-mère de Zeus.Gaïa
80%
Qui est le frère jumeau d'Artémis ?Apollon
78%
Où résident les 12 Dieux Olympiens ?Mont Olympe
75%
Il se creva les yeux après avoir découvert qu'il avait tué son père et épousé sa mère.Œdipe
75%
Héros qui trancha la gorge de Méduse.Persée
63%
Nymphe qui retint Ulysse pendant plusieurs années sur l'Île d'Ogygie.Calypso
47%
Fils de Poséidon aveuglé par Ulysse.Polyphème
41%
Dans quelle ville grecque se trouve le Sanctuaire d'Apollon ?Delphes
36%
Zeus se changea en taureau pour la séduire.Europe
32%
Élément PrimordialChaos
31%
Attribut principal pour représenter Hermès. (Le.....)Caducée
27%
Père d'Énée et conquête amoureuse d'Aphrodite.Anchise
14%
Titan de l'astronomieJapet
11%

Distribution des résultats

Percentile par nombre de réponses

% des personnes avec chaque résultat

Votre développement - résultats

Vous n’avez pas pris ce quiz